|
|
|
|
| LEADER |
00000nam a2200000 i 4500 |
| 001 |
DIGSARGT0005 |
| 003 |
NyNyDIG |
| 008 |
200511s2018 sp a o 000 0 spa d |
| 006 |
m o d |
| 007 |
cr ||||||||||| |
| 035 |
|
|
|a (OCoLC)1184461463
|
| 040 |
|
|
|a DGITA
|b eng
|e rda
|e pn
|c DGITA
|
| 020 |
|
|
|z 9788416900749
|
| 020 |
|
|
|z 8416900744
|
| 043 |
|
|
|a e-sp---
|
| 050 |
1 |
4 |
|a JN8395.P15 ebook
|
| 082 |
0 |
4 |
|a 324.246072
|
| 100 |
1 |
|
|a Montaner, Michel,
|e author.
|
| 245 |
1 |
3 |
|a El espíritu de Xirivella :
|b cuando ruge la militancia /
|c Michel Montaner, Eva Aguilar.
|
| 264 |
|
1 |
|a [Paterna, Valencia] :
|b Editorial Sargantana,
|c [2018]
|
| 300 |
|
|
|a 1 online resource :
|b illustrations.
|
| 336 |
|
|
|a text
|b txt
|2 rdacontent
|
| 337 |
|
|
|a computer
|b c
|2 rdamedia
|
| 338 |
|
|
|a online resource
|b cr
|2 rdacarrier
|
| 347 |
|
|
|a text file
|2 rdaft
|
| 347 |
|
|
|b PDF
|
| 588 |
0 |
|
|a Online resource; title from PDF title page (Digitalia, viewed July 9, 2020)
|
| 600 |
1 |
0 |
|a Montaner, Michel.
|
| 610 |
2 |
0 |
|a P.S.O.E. (Political party)
|x History
|y 21st century.
|
| 651 |
|
0 |
|a Spain
|x Politics and government
|y 21st century.
|
| 655 |
|
0 |
|a Electronic books.
|
| 700 |
1 |
|
|a Aguilar, Eva,
|d 1986-
|e author.
|
| 791 |
2 |
|
|a Digitalia (Firm),
|e distributor.
|
| 793 |
0 |
|
|g Digitalia eBook Collection:
|a Editorial Sargantana
|
| 776 |
0 |
8 |
|i Print version:
|a Montaner, Michel.
|t Espíritu de Xirivella.
|b Primera edición.
|d [Valencia] : Editorial Sargantana, 2018
|z 9788416900749
|w (DLC) 2017399795
|w (OCoLC)1048027733
|
| 856 |
4 |
0 |
|3 Digitalia Hispánica
|u https://www.digitaliapublishing.com/a/61820/
|
| 910 |
|
|
|a Premium collection: 2020
|